| 000 | 01256cam a2200301 a 4500 | ||
|---|---|---|---|
| 001 | prettyplaceformu00hart | ||
| 003 | CaSfIA | ||
| 005 | 20210118211928.0 | ||
| 007 | cr|||| | ||
| 008 | 871222s1987 nyu 000 1 eng | ||
| 035 | _9(DLC) 87036953 | ||
| 856 | 4 | 1 |
_uhttp://www.archive.org/details/prettyplaceformu00hart _zFree eBook from the Internet Archive |
| 856 | 4 | 2 |
_uhttp://www.openlibrary.org/books/OL2405938M _zAdditional information and access via Open Library |
| 010 | _a 87036953 | ||
| 020 | _a0312018096 | ||
| 040 |
_aDLC _cDLC _dDLC _dCaSfIA |
||
| 050 | 0 | 0 |
_aPR6058.A694857 _bP74 1987 |
| 082 | 0 | 0 |
_a823/.914 _219 |
| 100 | 1 | _aHart, Roy. | |
| 245 | 1 | 2 |
_aA pretty place for a murder / _h[electronic resource] _cRoy Hart. |
| 250 | _a1st U.S. ed. | ||
| 260 |
_aNew York : _bSt. Martin's Press, _cc1987. |
||
| 300 |
_a191 p. ; _c22 cm. |
||
| 655 | 7 |
_aDetective and mystery stories. _2gsafd |
|
| 942 | _cEB | ||
| 506 | _fНеобхідна авторизація на https://archive.org/ (створення облікового запису безкоштовно) | ||
| 506 | _fНеобхідна авторизація на https://openlibrary.org/ (створення облікового запису безкоштовно) | ||
| 999 |
_c538953 _d538953 |
||